Sustainable marketing : managerial-ecological issues

Αποθηκεύτηκε σε:
Λεπτομέρειες βιβλιογραφικής εγγραφής
Κύριος συγγραφέας: Fuller, Donald A.
Μορφή: Βιβλίο
Γλώσσα:English
Δημοσίευση: London : Sage Publications, c1999
Θέματα:
Ετικέτες: Προσθήκη ετικέτας
Δεν υπάρχουν, Καταχωρήστε ετικέτα πρώτοι!

MARC

LEADER 00000nam a2200000 i 4500
001 1/97210
008 991216s1999 eng d
020 |a 0-7619-1219-3 
035 |l 10056048 
040 |a GR-MY-UA  |b gre  |e aacr 
041 0 |a eng 
082 0 |a 658.8 
100 1 |a Fuller, Donald A. 
245 1 0 |a Sustainable marketing :  |b managerial-ecological issues /  |c Donald A. Fuller 
260 |a London :   |b Sage Publications,   |c c1999 
300 |a 293 p.  |b tabl. 
504 |a Includes bibliographical references and index 
650 0 0 |a Green marketing. 
650 0 0 |a Consumption (Economics)  |x Environmental aspects. 
852 |a INST  |b LESVOS  |e 19991216  |h 658.8 FUL  |p 005100018791  |q 005100018791  |t BK  |y 0 
901 |a BIBL1-2000-1 
909 |a Λ  |b 071433 
922 |a 1ΕΛΗ  |b 199912  |c ΚΠΣ/ΠΜΣ  |d ΠΑΠΑΣΩΤΗΡΙΟΥ 
950 |a 157-1999-10-15 
970 |a ΜΟΥΣΤΑΚΑ  |b ΠΗΝΕΛΟΠΗ  |z 2000/01/21